000 00550nam a22001817a 4500
003 OSt
005 20251204081732.0
008 251204b |||||||| |||| 00| 0 eng d
020 _a0-534-795117.
040 _aDWCL-Main lib
_cOC
082 _27th ed.
_aCirc. 576.5 C971h 2006
245 _aHuman heredity :
_bprinciples & issues
260 _aUSA :
_bThomson Brooks/Cole,
_cc2006.
300 _axxiii (various paging) :
_bcolored illustration ;
_c27 cm.
650 _21. Genetics.
651 _22. Heredity.
942 _2ddc
_cBK-CIRC
_e7th ed.
_kCirc.
_n0
999 _c6874
_d6874